Countries by population - Click quiz - Statistics

General Stats
  • This quiz has been taken 26 times
  • The average score is 5 of 20
Answer Stats
Hint Answer % Correct
287,305,877 Indonesia
100%
26,618,205 North korea
38%
47,739,049 Iraq
31%
37,882,214 Poland
31%
10,689,562 Sweden
31%
11,586,036 Dominican republic
23%
2,834,634 Jamaica
23%
3,546,108 Mongolia
23%
39,282,047 Morocco
23%
6,596,063 Republic of the Congo
23%
47,000 Saint kitts and Nevis
23%
99,545 Saint vincent and the Grenadines
23%
1,839,812 Latvia
15%
7,073,215 Paraguay
15%
6,653,982 Serbia
15%
103,545 Tonga
15%
114,000 Micronesia
8%
5,453,723 Slovakia
8%
10,926,716 Tajikistan
8%
12,397,571 Tunisia
8%
No matching quizzes found
Score Distribution
Percent of People with Each Score
Percentile by Number Answered
Your Score History
You have not taken this quiz